Statistics for Teams Ireland have scored 40 or more points against

Click here to take the quiz!

General Stats

  • This quiz has been taken 14 times
  • The average score is 14 of 17

Answer Stats

Biggest ScoreTimes BeatenMost Recent VictoryMost Recent ScoreAnswer% Correct
46 - 2422021 End of Year Internationals53 - 7Argentina
100%
55 - 032016 Tour52 - 21Canada
100%
43 - 1312007 Six Nations43 - 13England
100%
61 - 6132022 Six Nations57 - 6Italy
100%
40 - 912013 Tour40 - 9Samoa
100%
47 - 522019 World Cup47 - 5Samoa
100%
10 - 4032015 Six Nations10 - 40Scotland
100%
3 - 8352018 Tour71 - 10United States
100%
54 - 1012002 Six Nations54 - 10Wales
100%
64 - 1722009 Tour41 - 6Fiji
89%
78 - 942021 End of Year Internationals60 - 5Japan
89%
62 - 1212011 World Cup62 - 12Russia
89%
63 - 1422014 Georgia Tour49 - 7Georgia
78%
44 - 1032015 World Cup44 - 10Romania
78%
64 - 712003 World Cup64 - 7Namibia
67%
40 - 2912016 Tour40 - 29New Zealand
44%
61 - 1722014 End of Year Internationals61 - 17Pacific Islanders
11%

Score Distribution

Percentile by Number Answered

Percent of People with Each Score

Your Score History

You have not taken this quiz